Enciclopedia temática (Registro nro. 29890)
[ vista simple ]
| 000 -LEADER | |
|---|---|
| fixed length control field | 00711nam a22002057a 4500 |
| 005 - DATE AND TIME OF LATEST TRANSACTION | |
| control field | 20250409132700.0 |
| 008 - FIXED-LENGTH DATA ELEMENTS--GENERAL INFORMATION | |
| fixed length control field | 120316t cl ||||| |||| 00| 0 spa d |
| 020 ## - INTERNATIONAL STANDARD BOOK NUMBER | |
| International Standard Book Number | 8482592572 |
| 050 04 - LIBRARY OF CONGRESS CALL NUMBER | |
| Classification number | AE61 |
| Item number | E53 2000 |
| 245 00 - TITLE STATEMENT | |
| Title | Enciclopedia temática |
| Remainder of title | : nauta-color |
| Statement of responsibility, etc | / dirección J. Barnat ; coordinación general, Ma. D. Mascasas ; colaboradores A. Bassal. |
| 250 ## - EDITION STATEMENT | |
| Edition statement | 1a ed. |
| 260 ## - PUBLICATION, DISTRIBUTION, ETC. (IMPRINT) | |
| Place of publication, distribution, etc | Barcelona, España : |
| Name of publisher, distributor, etc | Ediciones Nauta, |
| Date of publication, distribution, etc | 2000 |
| 300 ## - PHYSICAL DESCRIPTION | |
| Extent | 928 p. : |
| Other physical details | il. ; |
| Dimensions | 31 cm. |
| 500 ## - GENERAL NOTE | |
| General note | Incluye glosario |
| 650 #7 - SUBJECT ADDED ENTRY--TOPICAL TERM | |
| Source of heading or term | lemb |
| Topical term or geographic name as entry element | Español |
| General subdivision | Enciclopedias y diccionarios |
| 700 1# - ADDED ENTRY--PERSONAL NAME | |
| Personal name | Barnat, J. |
| Relator term | director |
| 700 1# - ADDED ENTRY--PERSONAL NAME | |
| Personal name | Mascasas, Ma. D. |
| Relator term | coordinador |
| 700 1# - ADDED ENTRY--PERSONAL NAME | |
| Personal name | Bassal, A. |
| Relator term | colaborador |
| 942 ## - ADDED ENTRY ELEMENTS (KOHA) | |
| Source of classification or shelving scheme | Biblioteca del Cogreso de los Estados Unidos |
| Koha item type | Libro |
| Estado de pérdida | Fuente de clasificación | Estado del daño | No para préstamo | Ubicación permanente | Ubicación actual | Apartado o colección | Fecha de adquisición | Fuente de adquisición | Edición | Dependencia de educación superior (DES) | Área del conocimiento | Clasificación | Código de Barras | Date last seen | Número de copia | Costo por reposición | Tipo de recurso | Total Checkouts |
|---|---|---|---|---|---|---|---|---|---|---|---|---|---|---|---|---|---|---|
| Biblioteca del Cogreso de los Estados Unidos | Uso interno Biblioteca | Biblioteca de la Facultad de Contaduría y Ciencias Administrativas | Biblioteca de la Facultad de Contaduría y Ciencias Administrativas | Consulta | 16/03/2012 | Unidad Académica | 1a ed. | Ciencias Económico Administrativas | Ciencias Sociales y Administrativas | AE61 E53 2000 | BCCA000000021 | 16/03/2012 | 1 | 550.00 | Libro | |||
| Biblioteca del Cogreso de los Estados Unidos | Biblioteca de la Facultad de Ingeniería Civil | Biblioteca de la Facultad de Ingeniería Civil | Consulta | 01/11/2024 | 1a ed. | Educación y Humanidades | AE61 E53 2002 | BIC000001680 | 01/11/2024 | 1 | 1.00 | Libro |